| 000 | 00715nam a2200217 a 4500 | ||
|---|---|---|---|
| 001 | 000040324 | ||
| 005 | 20201002034046.0 | ||
| 008 | 130821s2005 mx 000 0 spa d | ||
| 020 | _a9703212220 | ||
| 040 |
_aDO-SdBNP _bspa _cBNPHU |
||
| 100 | 1 |
_aPosada, Julio _966617 |
|
| 245 | 1 | 3 |
_aEl machete / _cJulio Posada ; viñetas de Rodrigo Arenas Betancourt. |
| 260 |
_aMéxico : _bUniversidad Nacional Autónoma de México, _c2005. |
||
| 300 |
_a34 p. ; _c22 cm. |
||
| 490 | 1 |
_aLunes _v22 |
|
| 500 | _aIncluye datos biográficos del autor p. 3 | ||
| 533 |
_aFacsímil: _bMéxico _d1946 |
||
| 700 | 1 |
_aGarcía Robledo, Luis _966615 |
|
| 712 | 0 | _aUniversidad Nacional Autónoma de México | |
| 830 | 0 |
_aLunes _v22 _966616 |
|
| 999 |
_c39814 _d39814 |
||